000 00531nam a22001937a 4500
003 LK-CoMWRAF
005 20231030193439.0
008 231030b |||||||| |||| 00| 0 eng d
020 _a0517050773
040 _aLK-CoMWRAF
_dLK-CoMWRAF
_eLK-CoMWRAF
041 _aeng
082 _a823
_bPOT
100 _aPotter, Beatrix
245 _aPeter Rabbit and Friends :
_bJemima puddle-duck
300 _aNew York :
_bDerrydale books,
_c1992
490 _a22 p. : col. ill. ; 31 cm.
650 _aEnglish children stories
942 _cBK
999 _c4046
_d4046